00555nam a2200205 450000500170000000800410001701000140005802000230007202000260009503500130012103700150013404000180014908200110016710000160017824500340019426000390022827000390026730000240030665000190033020090829121324.0700514s1968 enka | 00| 1 eng  aENG-94977 c125.00a9773869631 c125.00a9789773869632 aEN-78510 bDBAD / PUB adplbEnglish  a346.07 aBalaji, K.  aBusiness law /cby K. Balaji  aChennai bS.S. Publications c2008 aM.K. Road, Padi bChennai e600050 a128p. c22cm (pbk)  a Business law.